00447 2200169 4500001002100000005001700021008004100038035002400079082001000103090001700113100001800130245003800148260003500186300001900221650002600240990001100266YOGYA-0612000000103620120618175050.0 ind  0010-061200000001034 a823.9 a823.9bRen M aRENAULT, Mary aThe mask of Apollo / Mary Renault aNew YorkbPantheon Booksc1966 a371 hlmc21 cm aFiksi Sejarah-Inggris a8520-a